In The Last Analysis (Record no. 1246524)

MARC details
000 -LEADER
fixed length control field 00466nam a2200193Ia 4500
008 - FIXED-LENGTH DATA ELEMENTS--GENERAL INFORMATION
fixed length control field 151121s9999||||xx |||||||||||||| ||und||
082 ## - DEWEY DECIMAL CLASSIFICATION NUMBER
Classification number 823/CRO
082 ## - DEWEY DECIMAL CLASSIFICATION NUMBER
Item number HNW-65000
100 ## - MAIN ENTRY--PERSONAL NAME
Personal name Cross Amanda
245 ## - TITLE STATEMENT
Title In The Last Analysis
260 ## - PUBLICATION, DISTRIBUTION, ETC. (IMPRINT)
Name of publisher, distributor, etc "Virago Press Ltd।, London"
260 ## - PUBLICATION, DISTRIBUTION, ETC. (IMPRINT)
Date of publication, distribution, etc --
300 ## - PHYSICAL DESCRIPTION
Extent 176
600 ## - SUBJECT ADDED ENTRY--PERSONAL NAME
Personal name Cross Amanda
630 ## - SUBJECT ADDED ENTRY--UNIFORM TITLE
Uniform title In The Last Analysis
700 ## - ADDED ENTRY--PERSONAL NAME
Personal name Cross Amanda
730 ## - ADDED ENTRY--UNIFORM TITLE
Uniform title In The Last Analysis
942 ## - ADDED ENTRY ELEMENTS (KOHA)
Koha item type Book
Holdings
Withdrawn status Lost status Damaged status Not for loan Home library Current library Date acquired Total Checkouts Full call number Barcode Date last seen Price effective from Koha item type
        Hirachand Nemchand Wachanalaya, Solapur Hirachand Nemchand Wachanalaya, Solapur 11/21/2015   HNW-65000 HNW-65000 11/21/2015 11/21/2015 Book